| 000 | 00415nam a22001457a 4500 | ||
|---|---|---|---|
| 003 | SGT | ||
| 082 |
_a617.601 _bP19B |
||
| 100 | _aBansal, Meena | ||
| 245 | _aPersonality characteristics, Dental anxiety and oral health in Indian Adults aged 35-44 | ||
| 260 |
_aGurugram, Haryana _bSGT University _c2019 |
||
| 300 | _a154 | ||
| 650 | _aPublic Health Dentistry | ||
| 653 | _aPublic Health Dentistry | ||
| 942 |
_2ddc _cTH |
||
| 999 |
_c23894 _d23894 |
||